[Event "Moscow-Open 2021_A"]
[Site "Moscow"]
[Date "2021.02.24"]
[Round "5.67"]
[White "Pestryakov, Nikita"]
[Black "Meydi, Igor"]
[Result "1-0"]
[WhiteElo "1978"]
[BlackElo "1678"]
[PlyCount "33"]
[EventDate "2021.02.20"]

1. e4 e5 2. Nf3 Nc6 3. Bc4 Nf6 4. Ng5 d5 5. exd5 Na5 6. Bb5+ Bd7 7. Qe2 Be7 8.
Bxd7+ Qxd7 9. Qxe5 O-O 10. O-O Rfe8 11. d3 Ng4 12. Qg3 h6 13. Ne6 fxe6 14. Qxg4
Qxd5 15. Bxh6 Qe5 16. Bd2 Bc5 17. Bc3 1-0

[Event "Moscow-Open 2021_A"]
[Site "Moscow"]
[Date "2021.02.24"]
[Round "5.68"]
[White "Kasintsov, Gleb"]
[Black "Neklyudov, Taras"]
[Result "0-1"]
[WhiteElo "1658"]
[BlackElo "1971"]
[PlyCount "104"]
[EventDate "2021.02.20"]

1. Nf3 d5 2. d4 Nf6 3. Bf4 g6 4. e3 Bg7 5. h3 O-O 6. Bd3 c5 7. c3 Nc6 8. O-O
Nd7 9. e4 dxe4 10. Bxe4 cxd4 11. cxd4 Qb6 12. Bxc6 bxc6 13. Qd2 Rd8 14. Nc3 e5
15. Be3 Ba6 16. Rfd1 Qc7 17. Qc2 Bc4 18. b3 Be6 19. Rac1 Rac8 20. Qe2 Qa5 21.
Ng5 Nf8 22. Nf3 exd4 23. Bxd4 f6 24. Ne4 Qf5 25. Bxa7 Bd5 26. Ng3 Bxf3 27. Qxf3
Qxf3 28. gxf3 Rxd1+ 29. Rxd1 Ra8 30. Bc5 Ne6 31. Rc1 Rxa2 32. Bd6 Nd4 33. Rc3
f5 34. Re3 Bf6 35. f4 Rb2 36. b4 Kf7 37. Ra3 Ke6 38. Bc5 h5 39. Ra1 h4 40. Nf1
Ne2+ 41. Kh1 Nxf4 42. Re1+ Kf7 43. Rd1 Be5 44. Rd7+ Kf6 45. Rd8 Rb1 46. Rf8+
Ke6 47. Re8+ Kf6 48. Rf8+ Kg7 49. Kg1 Nxh3+ 50. Kg2 Nf4+ 51. Kg1 h3 52. Re8
Ne2+ 0-1

[Event "Moscow-Open 2021_A"]
[Site "Moscow"]
[Date "2021.02.24"]
[Round "5.69"]
[White "Lebedev, Artem S."]
[Black "Gornostaev, Yakov"]
[Result "0-1"]
[WhiteElo "1623"]
[BlackElo "1888"]
[PlyCount "120"]
[EventDate "2021.02.20"]

1. e4 Nf6 2. e5 Nd5 3. d4 d6 4. c4 Nb6 5. f4 g6 6. Be3 Bg7 7. Nc3 c6 8. Nf3 O-O
9. Be2 dxe5 10. fxe5 Be6 11. b3 f6 12. exf6 exf6 13. O-O Bf7 14. Qd2 N8d7 15.
Bf4 Qe7 16. Rfe1 Nc8 17. c5 Qd8 18. Bc4 Bxc4 19. bxc4 b6 20. cxb6 Ndxb6 21. Qe2
Qd7 22. Rad1 Qf7 23. d5 cxd5 24. cxd5 Nd7 25. d6 Ncb6 26. Qf2 Rfe8 27. Nb5
Rxe1+ 28. Rxe1 Qc4 29. Nc7 Rc8 30. Qd2 Bf8 31. Rd1 Nc5 32. Rc1 Ne4 33. Rxc4
Nxd2 34. Rd4 Nxf3+ 35. gxf3 Kf7 36. Kf1 g5 37. Bg3 Rd8 38. Nb5 Rd7 39. a4 a6
40. Nc7 Nc8 41. Nxa6 Bxd6 42. Nc5 Rc7 43. Bxd6 Nxd6 44. Rxd6 Rxc5 45. Kf2 Rc2+
46. Kg3 Ra2 47. Ra6 Kg6 48. Ra8 Ra3 49. a5 h5 50. h3 h4+ 51. Kg2 Ra2+ 52. Kg1
Kf5 53. Ra6 Kf4 54. Rxf6+ Kg3 55. Kf1 Rxa5 56. Ke2 Kxh3 57. Rg6 Kg2 58. f4 h3
59. f5 Rxf5 60. Rh6 h2 0-1

[Event "Moscow-Open 2021_A"]
[Site "Moscow"]
[Date "2021.02.24"]
[Round "5.70"]
[White "Cherniaev, Danil"]
[Black "Ekimov, Pavel"]
[Result "1/2-1/2"]
[WhiteElo "1583"]
[BlackElo "1853"]
[PlyCount "111"]
[EventDate "2021.02.20"]

1. d4 d5 2. c4 e6 3. Nc3 Nf6 4. cxd5 exd5 5. Bg5 Be7 6. Qc2 c6 7. e3 O-O 8. Bd3
h6 9. Bf4 Re8 10. Nf3 Bb4 11. O-O Nbd7 12. a3 Bxc3 13. bxc3 Ne4 14. c4 Ndf6 15.
cxd5 cxd5 16. h3 Be6 17. Rfc1 Rc8 18. Qb2 Qe7 19. Ne5 g5 20. Bh2 Nd6 21. Qb4
Nc4 22. Qxe7 Rxe7 23. Bxc4 dxc4 24. f3 Ne8 25. e4 f6 26. Ng4 Bxg4 27. hxg4 b5
28. Bg3 Rb7 29. Be1 Nc7 30. Bc3 Ne6 31. g3 Kf7 32. Kf2 Rd8 33. Ke3 Rbd7 34. Rd1
Nc5 35. Ba5 Nb3 36. Bxd8 Nxa1 37. Rxa1 Rxd8 38. d5 Rc8 39. Rc1 a5 40. Kd4 Ke7
41. f4 gxf4 42. gxf4 Rg8 43. Rg1 h5 44. g5 fxg5 45. fxg5 h4 46. e5 h3 47. Rh1
Rh8 48. g6 Rh4+ 49. Kc3 Rh5 50. d6+ Ke6 51. g7 Rg5 52. Rxh3 Rxg7 53. Re3 Rg4
54. Kc2 b4 55. axb4 axb4 56. Re2 1/2-1/2

[Event "Moscow-Open 2021_A"]
[Site "Moscow"]
[Date "2021.02.24"]
[Round "5.71"]
[White "Yurasov, Matfey"]
[Black "Kuznetsov, Ivan V."]
[Result "1-0"]
[WhiteElo "1402"]
[BlackElo "1831"]
[PlyCount "119"]
[EventDate "2021.02.20"]

1. d4 d5 2. c4 c6 3. Nf3 Nf6 4. Qc2 e6 5. Nbd2 Nbd7 6. g3 Bd6 7. Bg2 O-O 8. O-O
Re8 9. Rd1 Qe7 10. e4 dxe4 11. Nxe4 Nxe4 12. Qxe4 h6 13. Bf4 Nf6 14. Bxd6 Qxd6
15. Qe5 Qe7 16. a3 b6 17. h3 Bb7 18. b4 c5 19. dxc5 bxc5 20. b5 Red8 21. Ne1
Nd7 22. Qc7 Bxg2 23. Nxg2 Kf8 24. a4 Nb6 25. Qc6 Rac8 26. Qe4 f5 27. Qc2 Rd4
28. Ne3 Nd7 29. Qe2 Qf6 30. a5 Kg8 31. f4 Qg6 32. Qf3 Rc7 33. Kh2 Kh7 34. Rab1
Nf6 35. b6 axb6 36. axb6 Rc8 37. b7 Rb8 38. Rxd4 cxd4 39. Nc2 Ne4 40. Rb6 d3
41. Qxd3 Rd8 42. Qe3 Nxg3 43. Rb1 h5 44. Nd4 h4 45. c5 Ne4 46. b8=Q Rxd4 47.
Rg1 Qf6 48. Qf3 Ng3 49. Qb2 Qd8 50. Qfc3 Rd7 51. c6 Rc7 52. Qd4 Qe8 53. Rc1 Qh5
54. Qe5 Qf7 55. Qb6 Rc8 56. c7 Qd7 57. Qbd4 Qf7 58. Qd8 Qh5 59. Qe7 Qg6 60.
Qxh4+ 1-0

[Event "Moscow-Open 2021_A"]
[Site "Moscow"]
[Date "2021.02.24"]
[Round "5.72"]
[White "Fedosov, Alexander"]
[Black "Bratov, Ademir"]
[Result "0-1"]
[WhiteElo "1369"]
[BlackElo "1813"]
[PlyCount "102"]
[EventDate "2021.02.20"]

1. d4 Nf6 2. Nf3 e6 3. c4 d5 4. cxd5 exd5 5. Nc3 c6 6. Bf4 Be7 7. e3 Bf5 8. Bd3
Bxd3 9. Qxd3 O-O 10. h3 Nbd7 11. O-O Nb6 12. b3 Nc8 13. Ne2 Ne4 14. Nd2 Nxd2
15. Qxd2 Nd6 16. Bxd6 Bxd6 17. Nc1 Re8 18. Nd3 f5 19. f4 g6 20. Ne5 Kg7 21. Qf2
Rc8 22. Rac1 Rc7 23. Qf3 Rf8 24. g3 Qc8 25. Kg2 b6 26. Rc2 Bxe5 27. fxe5 Qe6
28. Rfc1 Rfc8 29. h4 h6 30. b4 Kf8 31. Qf4 Kg7 32. a4 Qe7 33. h5 gxh5 34. Rh1
Qg5 35. Qxg5+ hxg5 36. Rxh5 Kg6 37. Rh1 c5 38. bxc5 bxc5 39. Rhc1 c4 40. Rb2 f4
41. gxf4 Kf5 42. fxg5 Ke4 43. Rb5 Rg7 44. Kf2 Rxg5 45. Rf1 Rf5+ 46. Ke2 Rxf1
47. Kxf1 c3 48. Rb1 Kd3 49. Kf2 c2 50. Ra1 c1=Q 51. Rxc1 Rxc1 0-1

[Event "Moscow-Open 2021_A"]
[Site "Moscow"]
[Date "2021.02.24"]
[Round "5.73"]
[White "Galiev, Ernest"]
[Black "Agkatsev, Felix A"]
[Result "1/2-1/2"]
[WhiteElo "1807"]
[BlackElo "1338"]
[PlyCount "270"]
[EventDate "2021.02.20"]

{[%evp 0,258,16,28,28,18,17,-30,-7,2,32,14,24,29,21,25,30,-1,38,7,9,8,31,30,30,
41,27,19,27,14,41,21,23,2,5,-10,48,36,142,111,111,111,210,153,189,97,164,109,
101,81,94,83,82,73,134,73,116,58,35,24,0,-26,-29,-30,-39,-33,-30,-40,-18,25,25,
25,31,44,56,40,70,70,89,105,77,88,88,66,80,38,40,49,64,83,68,42,74,73,90,89,82,
63,97,68,69,47,51,42,54,11,37,18,61,63,54,0,0,0,0,0,0,0,0,0,0,0,0,0,0,0,0,0,55,
6,0,0,0,0,0,-10,0,0,0,0,59,0,0,0,1,0,0,0,0,0,0,0,0,0,43,43,51,43,43,36,47,43,
49,43,49,43,43,43,43,43,45,45,43,36,36,0,0,0,0,0,0,0,0,0,0,0,0,0,0,0,123,123,
111,111,118,111,111,111,111,111,111,111,111,111,111,111,81,111,111,111,111,111,
111,103,81,111,111,93,111,111,111,111,111,111,468,505,505,505,505,0,0,22,111,
111,111,111,111,111,111,111,111,111,111,111,111,111,111,111,111,111,111,111,
112,112,145,112,1012,0,0,0,0]} 1. d4 Nf6 2. c4 e6 3. g3 Bb4+ 4. Bd2 Bxd2+ 5.
Nxd2 d5 6. Bg2 O-O 7. Ngf3 b6 8. Qc2 Bb7 9. cxd5 exd5 10. Rc1 Na6 11. O-O c5
12. Rfd1 Qe7 13. e3 Rac8 14. Qb1 Rc7 15. Ne5 Rfc8 16. Bh3 Rd8 17. Ndf3 c4 18.
Ng5 Bc8 19. Bxc8 Rdxc8 20. Ngxf7 b5 21. Ng5 h6 22. Ngf3 b4 23. Rc2 Ne4 24. Nd2
Nd6 25. Rdc1 Qf6 26. Kg2 Nb5 27. Nf1 Qb6 28. Rd2 c3 29. bxc3 bxc3 30. Re2 Na3
31. Qxb6 axb6 32. Nd3 Rc4 33. g4 Nb4 34. Rxc3 Rxc3 35. Nxb4 Rd8 36. Ng3 g6 37.
h4 Kf7 38. h5 gxh5 39. Nxh5 Nb5 40. Nf4 Nc7 41. Nbd3 Ne6 42. Nxe6 Kxe6 43. Ne5
Ra8 44. Rb2 Ra6 45. Rb1 Rc7 46. Kg3 Rb7 47. Rh1 Rh7 48. Rb1 Rb7 49. Rb2 Kf6 50.
Kh4 Ra3 51. Kg3 b5 52. Rc2 b4 53. Rb2 b3 54. axb3 Rbxb3 55. Rxb3 Rxb3 56. Nd7+
Ke7 57. Ne5 Kf6 58. Kf4 Ke6 59. Kf3 Ra3 60. Kg3 Rc3 61. Ng6 Rc8 62. f4 Kf6 63.
f5 h5 64. Nf4 hxg4 65. Nxd5+ Kg5 66. f6 Ra8 67. Nc3 Kxf6 68. Kxg4 Rg8+ 69. Kf4
Ke6 70. Ke4 Rg4+ 71. Kd3 Rg3 72. Ne4 Rg1 73. Nc5+ Kd6 74. Nb3 Rg4 75. e4 Rg3+
76. Kc4 Rg4 77. e5+ Kc6 78. Nd2 Rf4 79. Nb1 Rg4 80. Nc3 Rh4 81. Na2 Rh1 82.
Nb4+ Kd7 83. Kd5 Rh5 84. Nd3 Rh1 85. Nc5+ Ke7 86. Kc6 Re1 87. e6 Rd1 88. d5 Rd2
89. Nb3 Rd3 90. Nc5 Rd1 91. Ne4 Rc1+ 92. Kb5 Rd1 93. Kc4 Ra1 94. Kd4 Ra4+ 95.
Ke5 Ra5 96. Ng3 Ke8 97. Nf5 Ra1 98. d6 Re1+ 99. Kf6 Rf1 100. Ke5 Re1+ 101. Kd5
Rd1+ 102. Nd4 Kd8 103. Kc5 Rc1+ 104. Kb6 Rb1+ 105. Kc6 Rc1+ 106. Kd5 Rd1 107.
Ke5 Re1+ 108. Kf4 Rf1+ 109. Ke5 Re1+ 110. Kf6 Rf1+ 111. Nf5 Rf2 112. Kg6 Rg2+
113. Kf7 Re2 114. Ng7 Rf2+ 115. Kg6 Rg2+ 116. Kf6 Rf2+ 117. Ke5 Re2+ 118. Kd5
Rd2+ 119. Ke5 Re2+ 120. Kf6 Rf2+ 121. Nf5 Rf1 122. Ke5 Re1+ 123. Kd5 Rd1+ 124.
Nd4 Ke8 125. Kc5 Kd8 126. Nc6+ Kc8 127. Ne5 Rc1+ 128. Nc4 Kd8 129. Kd5 Rd1+
130. Kc6 Rc1 131. e7+ Ke8 132. Kd5 Rd1+ 133. Ke6 Rd4 134. Nb6 Re4+ 135. Kf6
Rxe7 1/2-1/2

[Event "Moscow-Open 2021_A"]
[Site "Moscow"]
[Date "2021.02.24"]
[Round "5.74"]
[White "Teymurkhanly, Teymur"]
[Black "Bogov, Khetag"]
[Result "1/2-1/2"]
[WhiteElo "1799"]
[BlackElo "1263"]
[PlyCount "172"]
[EventDate "2021.02.20"]

1. d4 d5 2. Bf4 Nf6 3. e3 c5 4. c3 Nc6 5. Nf3 Qb6 6. Qb3 c4 7. Qxb6 axb6 8. Na3
Na7 9. Nc2 Bf5 10. Rc1 Nc6 11. a3 Na5 12. Na1 h6 13. Ne5 g5 14. Bg3 Nd7 15. Be2
h5 16. h4 g4 17. Bd1 f6 18. Nxd7 Kxd7 19. Bc2 Bxc2 20. Nxc2 e6 21. O-O Bd6 22.
Bxd6 Kxd6 23. f3 f5 24. e4 gxf3 25. e5+ Ke7 26. gxf3 Rhg8+ 27. Kf2 Nb3 28. Rcd1
Rg7 29. Rg1 Rag8 30. Rxg7+ Rxg7 31. Ne1 Kf7 32. Ng2 Rg6 33. Nf4 Rh6 34. Rg1 b5
35. Rg5 Nc1 36. Ke1 Nb3 37. Rxh5 Rxh5 38. Nxh5 Na5 39. Kd1 Nc6 40. Kc2 Ne7 41.
Nf4 Ng6 42. Ng2 Kg7 43. Kd2 Kh6 44. Ke2 Kh5 45. Kf2 b6 46. Kg3 Kh6 47. f4 Kh5
48. Kh3 Kh6 49. Kh2 Kh5 50. Kg3 Kh6 51. Ne1 Kh5 52. Nf3 Nf8 53. Ng5 Kg6 54. h5+
Kxh5 55. Nf7 Kg6 56. Nd6 Nd7 57. Nxb5 Kg7 58. a4 Kg6 59. Kh4 Kh6 60. Nd6 Kg6
61. Nb7 Kh6 62. a5 bxa5 63. Nxa5 Kg6 64. Nb7 Nf8 65. Nc5 Kh6 66. b4 cxb3 67.
Nxb3 Kg6 68. Nd2 Kh6 69. Kg3 Kg6 70. c4 dxc4 71. Nxc4 Kf7 72. Nd6+ Ke7 73. Kh4
Kd7 74. Kg5 Kc6 75. Kf6 Kd5 76. Kf7 Nd7 77. Nxf5 exf5 78. e6 Nb6 79. Kf6 Kxd4
80. Kxf5 Nc8 81. Kf6 Kd5 82. f5 Kd6 83. Kg7 Ne7 84. f6 Kxe6 85. f7 Nf5+ 86. Kg8
Nh6+ 1/2-1/2

[Event "Moscow-Open 2021_A"]
[Site "Moscow"]
[Date "2021.02.24"]
[Round "5.75"]
[White "Silenko, Alexey"]
[Black "Borisov, Yury"]
[Result "0-1"]
[WhiteElo "1561"]
[BlackElo "1972"]
[PlyCount "104"]
[EventDate "2021.02.20"]

1. e4 c5 2. Nf3 e6 3. d3 d5 4. Nbd2 g6 5. g3 Bg7 6. Bg2 Ne7 7. O-O O-O 8. Qe2
b6 9. Re1 Nec6 10. Nf1 Bb7 11. e5 h6 12. h4 Kh7 13. N1h2 Nd7 14. Bf4 Qe7 15.
Ng4 Rae8 16. Qd2 h5 17. Bg5 f6 18. exf6 Nxf6 19. Bxf6 Rxf6 20. Nxf6+ Qxf6 21.
c3 Kh8 22. Ng5 Nd8 23. Re2 e5 24. c4 Qd6 25. Rae1 Kg8 26. f4 Nf7 27. Nxf7 Kxf7
28. fxe5 Qe6 29. cxd5 Bxd5 30. Bxd5 Qxd5 31. e6+ Kg8 32. Qf4 Qd4+ 33. Qxd4
Bxd4+ 34. Kg2 Bf6 35. Kf3 Kf8 36. Ke4 Rd8 37. Rf1 Ke7 38. Ref2 Rd4+ 39. Ke3 Be5
40. Rf7+ Kxe6 41. R7f3 Ra4 42. Rf8 Bd4+ 43. Kd2 Rxa2 44. Re8+ Kd5 45. Rg8 Rxb2+
46. Kc1 Kc6 47. Rxg6+ Kb5 48. g4 hxg4 49. Rxg4 Rh2 50. Rf5 Kb4 51. h5 a5 52.
Rg6 b5 0-1

[Event "Moscow-Open 2021_A"]
[Site "Moscow"]
[Date "2021.02.24"]
[Round "5.76"]
[White "Maslovskiy, Vladimir"]
[Black "Makarenko, Kirill"]
[Result "1/2-1/2"]
[WhiteElo "1959"]
[BlackElo "1507"]
[PlyCount "88"]
[EventDate "2021.02.20"]

1. e4 d6 2. d4 Nf6 3. Nc3 Nbd7 4. Nf3 e5 5. Bc4 Be7 6. O-O O-O 7. a4 a5 8. h3
c6 9. Ba2 Qc7 10. Be3 Re8 11. Re1 h6 12. Qd2 Nf8 13. Rad1 Be6 14. Bxe6 Nxe6 15.
Qc1 Rac8 16. Re2 exd4 17. Nxd4 Nxd4 18. Bxd4 Nd7 19. Qf4 Rcd8 20. Qg3 Bf6 21.
Red2 Be5 22. Bxe5 Nxe5 23. b3 Qc8 24. Ne2 Ng6 25. f3 d5 26. exd5 Rxd5 27. Rxd5
cxd5 28. Nd4 Qc5 29. Kh2 Kh7 30. Qf2 Nf4 31. Rd2 Re2 32. Rxe2 Nxe2 33. Qxe2
Qxd4 34. Qd3+ Qxd3 35. cxd3 Kg6 36. Kg3 Kf5 37. f4 g5 38. fxg5 Kxg5 39. Kf3 Kf5
40. Ke3 Ke5 41. g4 f5 42. d4+ Ke6 43. Kf4 fxg4 44. hxg4 Kf6 1/2-1/2

[Event "Moscow-Open 2021_A"]
[Site "Moscow"]
[Date "2021.02.24"]
[Round "5.77"]
[White "Davidyan, Vladimir"]
[Black "Arutyunova, Yuliya"]
[Result "1-0"]
[WhiteElo "1427"]
[BlackElo "1802"]
[PlyCount "95"]
[EventDate "2021.02.20"]

1. e4 c5 2. Nf3 d6 3. d4 cxd4 4. Nxd4 Nf6 5. Nc3 a6 6. f3 e6 7. Be3 Qc7 8. Qd2
Nbd7 9. g4 h6 10. h4 Ne5 11. O-O-O b5 12. Rg1 Bb7 13. g5 hxg5 14. hxg5 Nfd7 15.
g6 Nc5 16. gxf7+ Qxf7 17. f4 b4 18. fxe5 bxc3 19. Qxc3 Nxe4 20. Qa5 d5 21. Bd3
Rh4 22. Rdf1 Qd7 23. Rg6 Nc5 24. Rxf8+ Kxf8 25. Qxc5+ Kf7 26. Nxe6 Rh1+ 27. Bg1
Qxe6 28. Rxe6 Kxe6 29. Qd6+ Kf7 30. e6+ Kg8 31. Qg3 Re8 32. Kd2 Bc8 33. Bd4 Re7
34. Bf6 Kf8 35. Bxe7+ Kxe7 36. Qc7+ Kxe6 37. Qxc8+ Ke5 38. Qc7+ Ke6 39. Qc6+
Ke5 40. Qe8+ Kd6 41. Kc3 Rg1 42. Qf8+ Ke5 43. Qe7+ Kf4 44. Qe6 Kf3 45. Qxd5+
Kf2 46. Qe4 g5 47. Kd4 g4 48. Qe3+ 1-0

[Event "Moscow-Open 2021_A"]
[Site "Moscow"]
[Date "2021.02.24"]
[Round "5.78"]
[White "Korovko, Iakov"]
[Black "Sviridov, Vladislav"]
[Result "0-1"]
[WhiteElo "1606"]
[BlackElo "2123"]
[PlyCount "56"]
[EventDate "2021.02.20"]

1. e4 e5 2. Nf3 Nf6 3. Nxe5 d6 4. Nf3 Nxe4 5. Nc3 Nf6 6. d4 Be7 7. Bd3 c6 8. h3
Nbd7 9. O-O Nb6 10. Ne2 c5 11. c3 c4 12. Bxc4 Nxc4 13. Qa4+ Bd7 14. Qxc4 O-O
15. d5 Qa5 16. Re1 Rfc8 17. Qd4 b5 18. Ng3 Qd8 19. Bg5 h6 20. Bxf6 Bxf6 21. Qf4
Be7 22. Re4 a5 23. Nd4 g6 24. Rae1 Bf8 25. Ne6 Bxe6 26. dxe6 Qe7 27. Ne2 f5 28.
Qh4 fxe4 0-1

[Event "Moscow-Open 2021_A"]
[Site "Moscow"]
[Date "2021.02.24"]
[Round "5.79"]
[White "Ponomarev, Andrey A."]
[Black "Khiryaev, Adam"]
[Result "1-0"]
[WhiteElo "1893"]
[BlackElo "1229"]
[PlyCount "115"]
[EventDate "2021.02.20"]

1. e4 c5 2. Nf3 Nc6 3. d4 cxd4 4. Nxd4 Nf6 5. Nc3 e5 6. Ndb5 d6 7. Bg5 a6 8.
Na3 b5 9. Bxf6 gxf6 10. Nd5 Bg7 11. c3 f5 12. Bd3 Be6 13. Nc2 f4 14. a4 bxa4
15. Ncb4 Bd7 16. Qxa4 Ne7 17. Qa5 Qxa5 18. Rxa5 Nxd5 19. Nxd5 O-O 20. Kd2 Rab8
21. b4 Be6 22. Rha1 Bxd5 23. Rxd5 Rb6 24. Rxa6 Rxa6 25. Bxa6 Rd8 26. c4 Bf8 27.
c5 Ra8 28. c6 Rxa6 29. b5 Ra2+ 30. Kc3 Be7 31. c7 Ra8 32. b6 Bd8 33. Rxd6 Be7
34. b7 Ra3+ 35. Kb2 Bxd6 36. c8=Q+ Kg7 37. Qg4+ Kf8 38. Qd7 Ra6 39. b8=Q+ Bxb8
40. Qc8+ Kg7 41. Qxa6 Bc7 42. Qc8 Bd6 43. Qd8 Bf8 44. Qg5+ Kh8 45. Kb3 h6 46.
Qxe5+ Bg7 47. Qe8+ Kh7 48. Qxf7 f3 49. gxf3 h5 50. f4 h4 51. f5 Kh8 52. e5 Bxe5
53. Qe8+ Kh7 54. Qxe5 h3 55. Qf6 Kg8 56. Qe7 Kh8 57. f6 Kg8 58. Qg7# 1-0

[Event "Moscow-Open 2021_A"]
[Site "Moscow"]
[Date "2021.02.25"]
[Round "6.7"]
[White "Tsoi, Dmitry"]
[Black "Korchmar, Vasiliy"]
[Result "1/2-1/2"]
[WhiteElo "2334"]
[BlackElo "2451"]
[PlyCount "90"]
[EventDate "2021.02.20"]

1. f4 d5 2. Nf3 Nf6 3. e3 Bf5 4. d4 e6 5. Bd3 c5 6. c3 Nc6 7. O-O Bd6 8. Ne5
Qc7 9. Qe2 O-O 10. Nd2 Ne7 11. a3 a6 12. g4 Bxd3 13. Nxd3 Ne4 14. Kh1 b5 15.
Qg2 f5 16. Rg1 Ng6 17. gxf5 exf5 18. Nf3 Qe7 19. Bd2 Rac8 20. Be1 cxd4 21. cxd4
Rc4 22. b3 Rc7 23. Ba5 Rc6 24. Nb4 Bxb4 25. Bxb4 Qc7 26. Bxf8 Rc2 27. Bd6 Nxd6
28. Qh3 Qc3 29. Nh4 Qd3 30. Nxg6 Qe4+ 31. Rg2 hxg6 32. Qg3 Rxg2 33. Qxg2 Qxe3
34. Qxg6 Qe4+ 35. Qg2 Qxd4 36. Rf1 Ne4 37. Qc2 Kh7 38. Rf3 Qa1+ 39. Kg2 Qxa3
40. Rh3+ Kg6 41. Qc6+ Nf6 42. Rg3+ Kh7 43. Qc2 Ne4 44. Rh3+ Kg6 45. Qc6+ Nf6
1/2-1/2

[Event "Moscow-Open 2021_A"]
[Site "Moscow"]
[Date "2021.02.25"]
[Round "6.8"]
[White "Lazavik, Denis"]
[Black "Kardashevskiy, Evgeny"]
[Result "1/2-1/2"]
[WhiteElo "2442"]
[BlackElo "2427"]
[PlyCount "80"]
[EventDate "2021.02.20"]

1. d4 Nf6 2. c4 e6 3. Nf3 d5 4. Nc3 Nbd7 5. Bg5 h6 6. Bh4 Be7 7. e3 O-O 8. Rc1
c5 9. dxc5 Nxc5 10. cxd5 g5 11. Bg3 Nxd5 12. Nxd5 Qxd5 13. Qxd5 exd5 14. Be2
Bd7 15. O-O Rac8 16. Nd4 a6 17. Rfd1 Na4 18. Rb1 Nc5 19. f3 Rfe8 20. Kf1 Bf6
21. Bf2 h5 22. b3 Be5 23. h3 h4 24. Rbc1 f6 25. Nc2 Be6 26. Nb4 Red8 27. e4 d4
28. Nd5 Kf7 29. Nb4 Ke7 30. Bc4 Bxc4+ 31. bxc4 Ne6 32. Nd5+ Kf8 33. Be1 Rc6 34.
Rb1 Rd7 35. Rdc1 Kf7 36. Nb4 Rc8 37. Nd5 Rc6 38. Nb4 Rc8 39. Nd5 Rc6 40. Nb4
Rc8 1/2-1/2

[Event "Moscow-Open 2021_A"]
[Site "Moscow"]
[Date "2021.02.25"]
[Round "6.9"]
[White "Iljiushenok, Ilia"]
[Black "Zhukenov, Aituar"]
[Result "1-0"]
[WhiteElo "2534"]
[BlackElo "2144"]
[PlyCount "110"]
[EventDate "2021.02.20"]

1. d4 Nf6 2. Bf4 e6 3. e3 d5 4. Nf3 Bd6 5. Nbd2 O-O 6. Bd3 b6 7. O-O Bxf4 8.
exf4 c5 9. c3 Ba6 10. Bxa6 Nxa6 11. Qe2 Nb8 12. Ne5 Qc7 13. Qe3 Nbd7 14. Rae1
cxd4 15. Qxd4 b5 16. Nxd7 Qxd7 17. Re5 h6 18. Rfe1 a5 19. R5e3 Qa7 20. Qd3 Rad8
21. Nf3 b4 22. f5 Ne4 23. Nd4 Qb6 24. f3 bxc3 25. bxc3 Nc5 26. Qc2 exf5 27.
Qxf5 Na4 28. Qc2 Nc5 29. Kh1 Rc8 30. Nf5 Kh8 31. Qd2 Qf6 32. Ne7 Rcd8 33. Nxd5
Qh4 34. Rd1 Qc4 35. Qd4 Qxd4 36. Rxd4 Rb8 37. h3 Rb2 38. Rc4 Ne6 39. Ra4 Ra8
40. f4 g6 41. Re5 Kg7 42. f5 gxf5 43. Rxf5 Rc2 44. Kh2 Rb8 45. Rg4+ Kf8 46. a4
Rbb2 47. Rh5 Rd2 48. c4 Nd4 49. Rxh6 Ke8 50. Rb6 Rbc2 51. Rb7 Nf3+ 52. Kg3 Ng5
53. Kh4 Rxg2 54. Kxg5 Rxg4+ 55. hxg4 Rxc4 1-0

[Event "Moscow-Open 2021_A"]
[Site "Moscow"]
[Date "2021.02.25"]
[Round "6.10"]
[White "Maiorov, Nikita"]
[Black "Safin, Robert"]
[Result "1-0"]
[WhiteElo "2495"]
[BlackElo "2283"]
[PlyCount "75"]
[EventDate "2021.02.20"]

1. d4 Nf6 2. c4 e6 3. Nf3 Bb4+ 4. Bd2 a5 5. g3 d6 6. Bg2 Nbd7 7. O-O e5 8. Be3
exd4 9. Bxd4 O-O 10. Qc2 Bc5 11. Nc3 Qe7 12. e3 Re8 13. Nd5 Nxd5 14. cxd5 Nf6
15. Bxc5 dxc5 16. Nd2 Bd7 17. Rfd1 Rad8 18. Re1 b6 19. h3 Bc8 20. e4 c6 21.
dxc6 Qd6 22. Nc4 Qe6 23. e5 Nd5 24. Nd6 Re7 25. a3 Nc7 26. Rad1 Ba6 27. f4 g6
28. g4 a4 29. f5 Qb3 30. Qxb3 axb3 31. e6 f6 32. Ne4 Rxd1 33. Rxd1 Ne8 34. Rd8
Kg7 35. Nc3 Bc4 36. Bd5 Bd3 37. Bxb3 c4 38. Nd5 1-0

[Event "Moscow-Open 2021_A"]
[Site "Moscow"]
[Date "2021.02.25"]
[Round "6.11"]
[White "Zhukov, Anton"]
[Black "Nesterov, Arseniy"]
[Result "0-1"]
[WhiteElo "2237"]
[BlackElo "2476"]
[PlyCount "94"]
[EventDate "2021.02.20"]

1. d4 d5 2. c4 e6 3. Nf3 c5 4. cxd5 exd5 5. g3 Nc6 6. Bg2 Nf6 7. O-O Be7 8. Nc3
O-O 9. b3 Bg4 10. dxc5 Bxc5 11. h3 Be6 12. Bb2 a6 13. e3 Qe7 14. Ne2 Rad8 15.
Ned4 Ne4 16. Rc1 Nxd4 17. Nxd4 Bd7 18. Kh2 Bd6 19. Ne2 Bc6 20. Nd4 Bd7 21. Ne2
Bb8 22. Qd4 Qg5 23. a4 Rfe8 24. Qd1 h5 25. f4 Qg6 26. Bd4 Bf5 27. Bxe4 dxe4 28.
Qe1 Qe6 29. Qa5 Rd5 30. Qb6 Bxh3 31. Qxe6 Bxe6 32. Nc3 Rdd8 33. Nxe4 Bxb3 34.
Nc5 Bd5 35. Rb1 Rc8 36. Rf2 Ba7 37. Nxb7 Bxd4 38. exd4 Rb8 39. Rfb2 Be4 40. Re1
Re6 41. f5 Bxf5 42. Rxe6 Bxe6 43. Rb6 Bd5 44. Rxa6 Rxb7 45. Rd6 Bf3 46. a5 Ra7
47. a6 Be2 0-1

[Event "Moscow-Open 2021_A"]
[Site "Moscow"]
[Date "2021.02.25"]
[Round "6.12"]
[White "Thing, Bibek"]
[Black "Zarubitski, Viachaslau"]
[Result "0-1"]
[WhiteElo "2222"]
[BlackElo "2446"]
[PlyCount "111"]
[EventDate "2021.02.20"]

1. e4 e6 2. d4 b6 3. Nf3 Bb7 4. Bd3 c5 5. dxc5 Bxc5 6. O-O Ne7 7. Qe2 Nbc6 8.
c3 Ng6 9. Be3 O-O 10. Rd1 Qc7 11. Bxc5 bxc5 12. Qe3 Nce7 13. Na3 f5 14. Ne1 Kh8
15. exf5 exf5 16. Be2 Nd5 17. Qd2 Rae8 18. Bf1 Nh4 19. Qg5 Ng6 20. Qd2 Qc6 21.
Nc4 Ba8 22. Nd3 Re4 23. b3 Nb6 24. Nxb6 axb6 25. f3 Re7 26. Re1 Qf6 27. Rxe7
Qxe7 28. Nf2 d5 29. Re1 Qf6 30. Qe3 h6 31. b4 d4 32. cxd4 cxd4 33. Qe6 Qg5 34.
Nh3 Qh5 35. Qd6 Kh7 36. Qxd4 Nh4 37. Nf4 Qg5 38. Kf2 Rd8 39. Qe3 Rc8 40. Rc1
Rxc1 41. Qxc1 Ng6 42. Nd3 Qh4+ 43. Kg1 Qd4+ 44. Kh1 f4 45. a4 h5 46. a5 bxa5
47. bxa5 Kh6 48. a6 Bd5 49. Qc5 Qa1 50. Kg1 Ba2 51. Qb6 Bc4 52. Kf2 Bxa6 53.
Qb2 Qa4 54. Qd2 Bxd3 55. Bxd3 Qb3 56. Be2 0-1

[Event "Moscow-Open 2021_A"]
[Site "Moscow"]
[Date "2021.02.25"]
[Round "6.13"]
[White "Bykov, Egor"]
[Black "Rostovtsev, Dmitry"]
[Result "1/2-1/2"]
[WhiteElo "2436"]
[BlackElo "2037"]
[PlyCount "97"]
[EventDate "2021.02.20"]

1. d4 Nf6 2. Nf3 g6 3. Bg5 Bg7 4. Nbd2 d5 5. e3 O-O 6. c3 Nbd7 7. Bd3 Re8 8.
O-O b6 9. Bb5 Rf8 10. Bc6 Rb8 11. Qa4 a6 12. c4 dxc4 13. Qxc4 b5 14. Qc2 h6 15.
Bf4 g5 16. Bg3 Nh5 17. Rac1 Nxg3 18. hxg3 Nb6 19. Ne4 Nc4 20. b3 Na5 21. Ned2
Nxc6 22. Qxc6 g4 23. Nh4 e5 24. Rfd1 exd4 25. Nf1 Rb6 26. Qxc7 Qxc7 27. Rxc7
Rd6 28. e4 Re8 29. f4 gxf3 30. gxf3 Rd7 31. Rdc1 Rxc7 32. Rxc7 Be6 33. Kf2 a5
34. Rc5 Rb8 35. Nf5 Bf8 36. Rc7 Rd8 37. Ke2 a4 38. Nd2 axb3 39. axb3 Bxf5 40.
exf5 Bd6 41. Rc1 d3+ 42. Ke3 Bb4 43. Ne4 d2 44. Rd1 Re8 45. Kf2 Rd8 46. Ke2 Re8
47. Kf2 Rd8 48. Ke2 Re8 49. Kf2 1/2-1/2

[Event "Moscow-Open 2021_A"]
[Site "Moscow"]
[Date "2021.02.25"]
[Round "6.14"]
[White "Stepanyan, Eva"]
[Black "Assaubayeva, Bibisara"]
[Result "0-1"]
[WhiteElo "2119"]
[BlackElo "2378"]
[PlyCount "102"]
[EventDate "2021.02.20"]

1. e4 c5 2. Nf3 d6 3. d4 cxd4 4. Nxd4 Nf6 5. Nc3 a6 6. Be2 g6 7. Be3 Bg7 8. a4
Nc6 9. O-O O-O 10. f3 Qc7 11. Qd2 Bd7 12. Nxc6 bxc6 13. a5 c5 14. Na4 Bxa4 15.
Rxa4 Rfd8 16. c3 Qc6 17. Qc2 Rab8 18. Raa1 d5 19. exd5 Nxd5 20. Bf2 c4 21. Rfd1
e6 22. Bf1 Rb7 23. Bd4 Rdb8 24. Ra2 Bxd4+ 25. Rxd4 Ne3 26. Qe4 Qxe4 27. Rxe4
Nxf1 28. Kxf1 Rxb2 29. Rxb2 Rxb2 30. Rxc4 Ra2 31. Rc5 h5 32. h4 Kf8 33. g4 hxg4
34. fxg4 Ke7 35. h5 gxh5 36. gxh5 Kd6 37. Rg5 Rh2 38. Kg1 Rh4 39. Rg7 Rxh5 40.
Rxf7 Rxa5 41. Ra7 Ra2 42. Kf1 e5 43. Ke1 e4 44. Rh7 a5 45. Kd1 a4 46. Rh3 Kd5
47. Kc1 Rf2 48. Kb1 Rf3 49. Rh5+ Kc4 50. Rh4 Kb3 51. Kc1 a3 0-1